| 000 -GUIDE |
| Champ de contrôle de longueur fixe |
00992nam a22002177a 4500 |
| 003 - IDENTITÉ DU NUMÉRO DE CONTRÔLE |
| Champ de contrôle |
BI-BuBU |
| 008 - ÉLÉMENTS DE LONGUEUR FIXE - RENSEIGNEMENTS GÉNÉRAUX |
| Champ de contrôle de longueur fixe |
100311t rw||||dr|||| 100 0 fre d |
| 037 ## - SOURCE D'ACQUISITION |
| Source d'acquisition et du numéro d'inventaire |
Fonds S. 600 |
| 039 ## - NIVEAU DE CONTRÔLE BIBLIOGRAPHIQUE ET HISTORIQUE D'ENCODAGE [OBSOLETE] |
| Date creation |
bb |
| 040 ## - SOURCE DU CATALOGAGE |
| Organisme qui a effectué le catalogage original |
BI-BuBU |
| Code de la langue utilisée dans le catalogage |
fre |
| Organisme qui a effectué la transcription |
BI-BuBU |
| 080 ## - INDICE DE LA CLASSIFICATION DÉCIMALE UNIVERSELLE (CDU) |
| Indice de la Classification décimale universelle |
635.652. |
| 110 1# - VEDETTE PRINCIPALE - NOM DE COLLECTIVITÉ |
| Code de relation |
<a href="aut.">aut.</a> |
| Nom de la collectivité ou nom de lieu comme élément de classement |
Atelier sur les stratégies de l'amélioration variétale dans la région des Grands Lacs |
| Lieu de collectivité |
Kigali |
| Date of meeting or treaty signing |
1991 |
| 9 (RLIN) |
16998 |
| 245 1# - MENTION DU TITRE |
| Titre |
Actes |
| Mention de responsabilité, etc. |
de l'Atelier sur les stratégies de l'amélioration variétale dans la région des grands lacs ; organisé par Pierre Nyabenda, ... ; Luis H. Camacho, ... ; Urs C. Scheidegger, ... |
| 260 ## - PUBLICATION, DIFFUSION, ETC. (ADRESSE BIBLIOGRAPHIQUE) |
| Lieu de publication, diffusion, etc. |
Butare |
| Nom de l'éditeur, diffuseur, etc. |
Centre International de l'Agriculture Tropical |
| Date of publication, distribution, etc |
1991 |
| 300 ## - DESCRIPTION MATÉRIELLE |
| Collation |
VI-75 p. |
| Dimensions |
28 cm. |
| 440 #0 - MENTION DE COLLECTION / VEDETTE SECONDAIRE DE TITRE |
| Titre |
CIAT African Workshop Series |
| Numéro de volume et/ou désignation d'ordre séquentiel |
22 |
| 9 (RLIN) |
16999 |
| 650 #7 - VEDETTE-MATIÈRE - NOM COMMUN |
| Source du terme |
BI-BuBU |
| Vedette de sujet ou vedette comportant un nom géographique |
Haricot. Amélioration |
| Subdivision géographique |
Grands Lacs |
| 9 (RLIN) |
17000 |
| 942 ## - ÉLÉMENTS D'ENTRÉE ADDITIONNELLE (KOHA) |
| Source de la classification ou du système de rangement |
|
| Type d item koha |
BOOK |